Knibb and Knibb v National Coal Board (Record no. 282)
[ view plain ]
| 000 -LEADER | |
|---|---|
| fixed length control field | 01361cab a2200193 4500 |
| 001 - CONTROL NUMBER | |
| control field | ABS36838 |
| 008 - FIXED-LENGTH DATA ELEMENTS--GENERAL INFORMATION | |
| fixed length control field | 090401t1986 xxu||||| |||| 00| 0 eng d |
| 035 ## - SYSTEM CONTROL NUMBER | |
| System control number | (Sirsi) u584 |
| 041 ## - LANGUAGE CODE | |
| Language code of text/sound track or separate title | eng |
| 245 ## - TITLE STATEMENT | |
| Title | Knibb and Knibb v National Coal Board |
| 260 ## - PUBLICATION, DISTRIBUTION, ETC. | |
| Date of publication, distribution, etc. | 1986 |
| 350 ## - PRICE (NR) (BK AM CF MU VM SE) [OBSOLETE] | |
| Price | 0 |
| 490 ## - SERIES STATEMENT | |
| Series statement | Rating & Valuation Reporter |
| Volume/sequential designation | 26(6) August 1986,123-128(6) |
| 520 ## - SUMMARY, ETC. | |
| Summary, etc. | CA 11 July 1986. An appeal from an LT decision awarding compensation for subsidence damage to property. The claimants had sought interest and this was allowed on the sum from the date when the National Coal Board (NCB) accepted liability to pay the depreciation in market-value basis. The claimants and the NCB appealed. The claimants contended that the interest should have been calculated from when the damage first occured, not the date when the NCB accepted the claim. The NCB challenged the LT`s power to award interest on unpaid compensation. CA upheld the decision of the Lands Tribunal. The Lands Tribunal did have the power to award interest on compensation for mining subsidence , but had erred in calculating the date from which the interest should have accrued. NCB`s appeal dismissed. |
| 650 ## - SUBJECT ADDED ENTRY--TOPICAL TERM | |
| Topical term or geographic name entry element | COAL MINING SUBSIDENCE ACT 1957 |
| 690 ## - LOCAL SUBJECT ADDED ENTRY--TOPICAL TERM (OCLC, RLIN) | |
| Topical term or geographic name as entry element | ENVIRONMENTAL AND LAND CONSULTANCY-PLANNING AND DEVELOPMENT-COMPULSORY PURCHASE AND COMPENSATION |
| 942 ## - ADDED ENTRY ELEMENTS (KOHA) | |
| Suppress in OPAC | 0 |
| 948 ## - LOCAL PROCESSING INFORMATION (OCLC); SERIES PART DESIGNATOR (RLIN) | |
| c (OCLC) | 04/03/1997 |
| Withdrawn status | Lost status | Source of classification or shelving scheme | Damaged status | Not for loan | Home library | Current library | Shelving location | Date acquired | Total Checkouts | Full call number | Barcode | Date last seen | Copy number | Price effective from | Koha item type |
|---|---|---|---|---|---|---|---|---|---|---|---|---|---|---|---|
| Dewey Decimal Classification | London | London | Journal article | 14/09/1999 | ABS36838 | 584-1001 | 06/08/2019 | 1 | 06/08/2019 | Law report |